Visualizzazione normale
Vista MARC
- Brovelli, Franco.
di Personal Name
Records bibliografici associati: 1
001 - CONTROL NUMBER
- control field: 57695
003 - CONTROL NUMBER IDENTIFIER
- control field:
005 - DATE AND TIME OF LATEST TRANSACTION
- control field: 20190326171416.0
008 - FIXED-LENGTH DATA ELEMENTS
- fixed length control field: 190326|| aca||aabn | a|a d
040 ## - CATALOGING SOURCE
- Original cataloging agency:
- Transcribing agency:
100 ## - HEADING--PERSONAL NAME
- Personal name: Brovelli, Franco.
- Dates associated with a name: 1941-,
- Relator term: autore
670 ## - SOURCE DATA FOUND
- Source citation: Work cat.: (): Brovelli, Franco. 1941-, autore, Nel cuore dell'apostolo., 2002.